000
00289nam a2200121Ia 4500
008
260210s9999 xx 000 0 und d
020
_a
9788190852814
100
_a
KHULBUSHAN JAIN
245
0
_a
ARCHITECTURE CONCEPTUAL TO MANIFEST
260
_b
AADI 2011
260
_c
2011
942
_c
UG
999
_c
14240
_d
14240